000 00312nam a2200145Ia 4500
003 OSt
005 20231121061358.0
008 170523s9999 xx 000 0 und d
020 _a0-07-115233-4
040 _cIIMT
100 _aDONNELL
245 0 _aFUNDAMENTAL OF MANAGEMENT
260 _bPHI
942 _2ddc
_c02
999 _c1947
_d1947